00613nam a2200181Ia 4500008004100000082001800041100002500059245003200084250000800116260002700124300000800151500002400159650001200183942000700195952010700202952010700309999001500416230524s9999 xx 000 0 und d a612.3812bLAK aK.R.Lakshminarayanan 0aEffective Technical English a3RD aCHENNAIbScitechc2004 a233 aQuantity Number: 2 aEnglish cBK 00104070aTATCLbTATCLcGENd2023-05-24l0o612.3812 LAKp6900r2023-05-24w2023-05-24yBKzCPEC5203 00104070aTATCLbTATCLcGENd2023-05-24l0o612.3812 LAKp6901r2023-05-24w2023-05-24yBKzCPEC5203 c8712d8712